[Event "GER-chT U20 Girls"]
[Site "Braunschweig"]
[Date "2019.12.28"]
[Round "3.7"]
[White "Elenz, Elisa"]
[Black "Stephan, Lia"]
[Result "0-1"]
[WhiteElo "1456"]
[BlackElo "1232"]
[PlyCount "89"]
[EventDate "2019.12.27"]
[EventType "team-swiss"]
[EventRounds "7"]
[EventCountry "GER"]
[SourceTitle "CBM 194 Extra"]
[Source "ChessBase"]
[SourceDate "2020.03.31"]
[SourceVersion "1"]
[SourceVersionDate "2020.03.31"]
[SourceQuality "1"]
[WhiteTeam "Trier SG"]
[BlackTeam "Stadtilm Blau Weiss"]
[WhiteTeamCountry "GER"]
[BlackTeamCountry "GER"]

1. e4 c5 2. Nc3 Nc6 3. f4 g6 4. Nf3 Bg7 5. Bc4 e6 6. d3 Nge7 7. 0-0 0-0 8. Qe1 d5 9. Bb3 b6 10. a3 Ba6 11. Qe2 b5 12. Nd1 c4 13. Ba2 Rb8 14. dxc4 bxc4 15. c3 Qb6+ 16. Qf2 Qxf2+ 17. Kxf2 dxe4 18. Nd2 f5 19. Bxc4 Bxc4 20. Nxc4 Nd5 21. Bd2 e5 22. g3 Bh6 23. Ke1 Rfe8 24. b4 a6 25. Rb1 Na7 26. a4 Bg7 27. Rb3 Nc7 28. Be3 Nc6 29. Bb6 Nd5 30. b5 axb5 31. axb5 Nxb6 32. bxc6 Nxc4 33. Rxb8 Rxb8 34. c7 Rc8 35. fxe5 Nxe5 36. Ke2 Rxc7 37. Kd2 Nf3+ 38. Kc2 Nxh2 39. Rf2 Ng4 40. Re2 h5 41. Kb2 g5 42. Rd2 Ne5 43. Rd5 f4 44. gxf4 gxf4 45. Kc2 0-1